000 01134nab a2200229 i 4500
001 BPP
003 BPK
005 20151204095341.0
008 151204s2010 pl n f |000 0pol
040 _cBPK
080 _a531.5
100 _aMADEJ, Wiesław.
_d1997 - .
_bPolitechnika Koszalińska - Wydział Elektroniki i Informatyki,
_cKatedra Systemów Cyfrowego Przetwarzania Sygnałów
245 _aSpecjalizowany cyfrowy system predykcyjny z prostą hipotezą o ruchu celu /
_cWiesław Madej.
260 _c2010.
500 _aDane z autopsji.
520 _aW pracy przedstawiono procedurę postępowania przy projektowaniu specjalizowanego cyfrowego systemu predykcyjnego przeznaczonego dla artylerii przeciwlotniczej. Wyznaczono funkcje balistyczne dla armaty S-60 oraz przedstawiono algorytm pracy. .Balistyka modułu balistycznego dla prostej hipotezy o ruchu celu.
650 0 _aArtyleria przeciwlotnicza.
650 0 _aFunkcje.
650 _aBalistyka.
773 _iW :
_tZeszyty Naukowe Wydziału Elektroniki i Informatyki Politechniki Koszalińskiej. -
_g2010, nr 2, s. 15-36
942 _cART
_2UKD
999 _c4633
_d4633